Le nom des habitants des villes de l'Ile de France - Statistiques

Statistiques générales
  • Ce quiz a été pris 139 fois
  • Le résultat moyen est 8 sur 32
Statistiques - réponses
Département Nom des habitants Ville % Correct
78 Rambolitains Rambouillet
82%
94 Vitriots Vitry sur Seine
65%
77 Meldois Meaux
55%
94 Cristoliens Creteil
50%
93 Dionysiens Saint-Denis
50%
93 Balbyniens Bobigny
49%
95 Deuillois Deuil-La-Barre
42%
92 Clodoaldiens Saint-cloud
38%
95 Adamois L'Isle-Adam
36%
92 Balnéolais Bagneux
35%
77 Columériens Coulommiers
35%
92 Réginaburgiens Bourg la Reine
34%
78 Vésigondais Le Vésinet
32%
60 Cantiliens Chantilly
27%
95 Tabernaciens Taverny
26%
77 Bellifontains Fontainebleau
25%
93 Audonien Saint-Ouen
22%
93 Gabiniens Gagny
16%
93 Valjoviens Vaujours
16%
78 Camboriciens Chambourcy
13%
78 Mansonniens Maisons-Laffitte
13%
77 Latignaciens Lagny sur Marne
12%
78 Catoviens Chatou
11%
78 Ovillois Houilles
9%
95 Lupariens Louvres
8%
93 Nocéens Neuilly Plaisance
8%
92 Dagovéraniens Ville-D'Avray
8%
78 Alpicois Le Pecq
6%
95 Beauvillésois Villiers-Le-Bel
5%
94 Canavérois Chennevières sur Marne
4%
94 Caudaciens La Queue en Brie
4%
95 Wesiens Saint-Witz
4%
Aucun quiz correspondant
Distribution des résultats
% des personnes avec chaque résultat
Percentile par nombre de réponses
Votre historique - résultats
Vous n’avez pas pris ce quiz